<?xml version="1.0" encoding="UTF-8"?>
<record
    xmlns:xsi="http://www.w3.org/2001/XMLSchema-instance"
    xsi:schemaLocation="http://www.loc.gov/MARC21/slim http://www.loc.gov/standards/marcxml/schema/MARC21slim.xsd"
    xmlns="http://www.loc.gov/MARC21/slim">

  <leader>01278nam a22001937a 4500</leader>
  <controlfield tag="003">IT-RoPau</controlfield>
  <controlfield tag="005">20220918181103.0</controlfield>
  <controlfield tag="008">130404b        xxu||||| |||| 00| 0 eng d</controlfield>
  <datafield tag="040" ind1=" " ind2=" ">
    <subfield code="c">IT-RoPau</subfield>
  </datafield>
  <datafield tag="100" ind1=" " ind2=" ">
    <subfield code="a">Sassi, Silvio</subfield>
    <subfield code="9">511</subfield>
  </datafield>
  <datafield tag="245" ind1=" " ind2=" ">
    <subfield code="a">Bolet&#xED;n oficial interno de la Sociedad de San Pablo</subfield>
    <subfield code="b">"Progresad cada vez m&#xE1;s" Carta del Superior General</subfield>
  </datafield>
  <datafield tag="250" ind1=" " ind2=" ">
    <subfield code="a">1&#xB0; ed</subfield>
  </datafield>
  <datafield tag="260" ind1=" " ind2=" ">
    <subfield code="a">Roma</subfield>
    <subfield code="b">SSP Casa General</subfield>
    <subfield code="c">2005</subfield>
  </datafield>
  <datafield tag="300" ind1=" " ind2=" ">
    <subfield code="a">31 pp.</subfield>
    <subfield code="c">21 cm</subfield>
  </datafield>
  <datafield tag="490" ind1=" " ind2=" ">
    <subfield code="a">SSP</subfield>
  </datafield>
  <datafield tag="500" ind1=" " ind2=" ">
    <subfield code="a">Ano - n&#xB0; 417 - Marzo de 2005</subfield>
  </datafield>
  <datafield tag="520" ind1=" " ind2=" ">
    <subfield code="a">&#x13A;ndice

Carta del Superior General
"Progresad cada ves m&#xE1;s": Presentaci&#xF3;n general
Primera carta a los Tesalonicenses
I. Introducci&#xF3;n
1. La ciudad de Tesal&#xF3;nica
2. Fundaci&#xF3;n de la comunidad
3. Perfil de los cristianos de Tesal&#xF3;nica
4. La primera carta a los Tesalonicenses
5. Importancia de la carta

II. La carta y sus principales temas
1. "Continuamente damos gracias a Dios..." (1,2 - 3,13)
2. "...os pedimos y os exhortamos en el nombre de Jes&#xFA;s, el Senor ..." (4,1 - 5,27)

III. La carta en el P. Alberione y consecuencias para nosotros hoy

1. &#xBF;C&#xF3;mo ley&#xF3; e interpret&#xF3; el P. Alberione la primera carta a los Tesalonicenses?
2. Consecuencias para nosotros hoy en d&#xED;a

IV. Pasos para una "lectio paulina" de la carta
</subfield>
  </datafield>
  <datafield tag="942" ind1=" " ind2=" ">
    <subfield code="2">ddc</subfield>
    <subfield code="c">BK</subfield>
  </datafield>
  <datafield tag="999" ind1=" " ind2=" ">
    <subfield code="c">98313</subfield>
    <subfield code="d">98313</subfield>
  </datafield>
  <datafield tag="952" ind1=" " ind2=" ">
    <subfield code="0">0</subfield>
    <subfield code="1">0</subfield>
    <subfield code="2">ddc</subfield>
    <subfield code="4">0</subfield>
    <subfield code="6">P_C5</subfield>
    <subfield code="7">1</subfield>
    <subfield code="a">PAULUS</subfield>
    <subfield code="b">PAULUS</subfield>
    <subfield code="d">2013-04-04</subfield>
    <subfield code="l">0</subfield>
    <subfield code="o">P C5</subfield>
    <subfield code="r">2013-04-04 00:00:00</subfield>
    <subfield code="w">2013-04-04</subfield>
    <subfield code="y">BK</subfield>
  </datafield>
</record>
